| 000 | 00511nam a2200181 a 4500 | ||
|---|---|---|---|
| 005 | 20140310183440.0 | ||
| 008 | 080423s19uu xx 00 eng d | ||
| 020 | _a1-4129-2356-5 | ||
| 050 |
_aLB 3013 _b.R577 2006 |
||
| 100 | _aRogers, Bill | ||
| 245 |
_aCracking the hard class. _cBill Rogers |
||
| 260 |
_aLondon : _bPaul Chapman Publishing, _c2006. |
||
| 300 |
_a214 p. : _bill. ; _c24 cm. |
||
| 650 | _aClassroom management. | ||
| 650 | _aSchool disciplne. | ||
| 942 |
_cBK _2lcc _kFOR |
||
| 999 |
_c23079 _d23079 |
||